LEADER 03939nam 2200613 450 001 9910159456503321 005 20170112215614.0 010 $a9781522517429$belectronic 010 $z9781522517412$bprint 024 7 $a10.4018/978-1-5225-1741-2 035 $a(CKB)3710000001018831 035 $a(MiAaPQ)EBC4775685 035 $a(CaBNVSL)gtp00566717 035 $a(OCoLC)968540239 035 $a(IGIG)00164791 035 $a(EXLCZ)993710000001018831 100 $a20170107d2017 fy 0 101 0 $aeng 135 $aurbn||||m|||a 181 $2rdacontent 182 $2rdamedia 183 $2rdacarrier 200 00$aManaging knowledge and scholarly assets in academic libraries /$fBhojaraju Gunjal [editor] 210 1$aHershey, PA :$cIGI Global,$d[2017] 210 4$dİ2017 215 $aPDFs (381 pages) $cillustrations 225 1 $aAdvances in Library and Information Science (ALIS) book series 311 $a1-5225-1741-3 320 $aIncludes bibliographical references and index. 327 $aKnowledge management: an overview / Madgula Padmaja -- Mastering knowledge management in academic libraries / Kijpokin Kasemsap -- Knowledge sharing cultural dimensions from team and organization perspective / Satyendra C Pandey -- The embedded librarian: do more with less / Daan Boom -- Knowledge management as an academic discipline: an assessment / Jyotshna Sahoo, Bharati Pati, Basudev Mohanty -- The transformative role of institutional repositories in academic knowledge management / Arjun Sabharwal -- Use of institutional repository for information dissemination and knowledge management / Madhava Rao -- Utilising ICTs for resource sharing initiatives in academic institutions in Zimbabwe: towards a new trajectory / Collence Takaingenhamo Chisita, Forbes Chinyemba -- Semantic web, ontology, and linked data / Anindya Basu -- Web 2.0 tools and application: knowledge management and sharing in libraries / Yogita Ahuja, Praveen Kumar -- Knowledge system and spiral of scientific method by Dr. S. R. Ranganathan / Shilpi Verma -- Thesaurus construction and knowledge management in information centers in the scope of knowledge mapping in public institutions: the experience and initial results of a knowledge mapping project (BIHAP) in Turkey / Tunc D. Medeni [and 5 others] -- Managing knowledge and scholarly assets in academic libraries: issues and challenges / Bhojaraju Gunjal -- Knowledge management practices at IIMs: a study / Nirmali Chakraborty -- Knowledge management capability in higher education: the case of lecturers at Mzuzu University, Malawi / George Theodore Chipeta, Winner Dominic Chawinga. 330 3 $a"[This book] is an essential reference source for the latest research on approaches for adopting and implementing various facets of knowledge management in academia. Featuring expansive coverage on a range of topics and perspectives, such as knowledge mapping, social media applications, and linked data, this publication is ideally designed for librarians, students, managers, and scholars"--Provided by publisher. 410 0$aAdvances in library and information science (ALIS) book series. 606 $aKnowledge management 606 $aAcademic libraries$xAdministration 610 $aAfter action review (AAR) 610 $aInstitutional repositories 610 $aKnowledge mapping 610 $aLinked data 610 $aOnline blogging 610 $aSemantic web 610 $aSocial media 610 $aWeb 2.0 tools 615 0$aKnowledge management. 615 0$aAcademic libraries$xAdministration. 676 $a658.4038 700 $aGunjal$b Bhojaraju$01249422 702 $aGunjal$b Bhojaraju 801 0$bCaBNVSL 801 1$bCaBNVSL 801 2$bCaBNVSL 906 $aBOOK 912 $a9910159456503321 996 $aManaging knowledge and scholarly assets in academic libraries$92895414 997 $aUNINA LEADER 04198nam 2200673Ia 450 001 9910969793003321 005 20200520144314.0 010 $a9781575066813 010 $a1575066815 024 7 $a10.1515/9781575066813 035 $a(CKB)2550000001039894 035 $a(EBL)3155657 035 $a(SSID)ssj0000818539 035 $a(PQKBManifestationID)12357902 035 $a(PQKBTitleCode)TC0000818539 035 $a(PQKBWorkID)10840012 035 $a(PQKB)10301434 035 $a(Au-PeEL)EBL3155657 035 $a(CaPaEBR)ebr10632308 035 $a(OCoLC)922991952 035 $a(OCoLC)1287099099 035 $a(MdBmJHUP)musev2_79441 035 $a(MiAaPQ)EBC3155657 035 $a(DE-B1597)584417 035 $a(OCoLC)1266228941 035 $a(DE-B1597)9781575066813 035 $a(Perlego)2034219 035 $a(EXLCZ)992550000001039894 100 $a20120928d2012 uy 0 101 0 $aeng 135 $aur|n|---||||| 181 $ctxt 182 $cc 183 $acr 200 10$aTime and the biblical Hebrew verb $ethe expression of tense, aspect, and modality in biblical Hebrew /$fJohn A. Cook 205 $aReprinted, with corrections. 210 $aWinona Lake, IN $cEisenbrauns$d2012 215 $a1 online resource (402 p.) 225 0$aLinguistic studies in ancient West Semitic ;$v7 300 $aDescription based upon print version of record. 311 08$a9781575062563 311 08$a1575062569 320 $aIncludes bibliographical references and indexes. 327 $a""Cover""; ""Title""; ""Contents""; ""Preface""; ""Acknowledgments""; ""Abbreviations and Symbols""; ""Chapter 1 A Theory of Tense, Aspect, and Modality""; ""Chapter 2 Tense, Aspect, and Modality in Biblical Hebrew""; ""Chapter 3 The Semantics of the Biblical Hebrew Verbal System""; ""Chapter 4 Semantics and Discourse Pragmatics of the Biblical Hebrew Verbal System""; ""Works Cited""; ""Index of Authors""; ""Index of Scripture""; ""Back Cover"" 330 $aIn this book John Cook interacts with the range of approaches to the perennial questions on the Biblical Hebrew verb in a fair-minded approach. Some of his answers may appear deceptively traditional, such as his perfective-imperfective identification of the qatal-yiqtol opposition. However, his approach is distinguished from the traditional approaches by its modern linguistic foundation. One distinguishing sign is his employment of the phrase "aspect prominent" to describe the Biblical Hebrew verbal system. As with almost any of the world's verbal systems, this aspect-prominent system can express a wide range of aspectual, tensed, and modal meanings. In chap. 3, he argues that each of the forms can be semantically identified with a general meaning and that the expressions of specific aspectual, tensed, and modal meanings by each form are explicable with reference to its general meaning. After a decade of research and creative thinking, the author has come to frame his discussion not with the central question of "Tense or Aspect?" but with the question "What is the range of meaning for a given form, and what sort of contextual factors (syntagm, discourse, etc.) help us to understand this range in relation to a general meaning for the form?" In chap. 4 Cook addresses long-standing issues involving interaction between the semantics of verbal forms and their discourse pragmatic functions. He also proposes a theory of discourse modes for Biblical Hebrew. These discourse modes account for various temporal relationships that are found among successive clauses in Biblical Hebrew. Cook's work addresses old questions with a fresh approach that is sure to provoke dialogue and new research. 410 0$aLinguistic Studies in Ancient West Semitic 606 $aHebrew language$xTense 606 $aHebrew language$xVerb 615 0$aHebrew language$xTense. 615 0$aHebrew language$xVerb. 676 $a492.456 700 $aCook$b John A$c(Professor)$095965 801 0$bMiAaPQ 801 1$bMiAaPQ 801 2$bMiAaPQ 906 $aBOOK 912 $a9910969793003321 996 $aTime and the biblical Hebrew verb$94368289 997 $aUNINA LEADER 04080nam 22007095 450 001 9910590057303321 005 20251009102947.0 010 $a981-19-2390-6 024 7 $a10.1007/978-981-19-2390-6 035 $a(MiAaPQ)EBC7078232 035 $a(Au-PeEL)EBL7078232 035 $a(CKB)24750398100041 035 $a(DE-He213)978-981-19-2390-6 035 $a(EXLCZ)9924750398100041 100 $a20220828d2022 u| 0 101 0 $aeng 135 $aurcnu|||||||| 181 $ctxt$2rdacontent 182 $cc$2rdamedia 183 $acr$2rdacarrier 200 10$aSelected Proceedings from the 1st International Conference on Contemporary Islamic Studies (ICIS 2021) /$fedited by Nur Nafhatun Md Shariff, Mohd Asmadi Yakob, Zety Sharizat Hamidi, Zeiad Amjad Abdulrazzak Aghwan, Najahudin Lateh 205 $a1st ed. 2022. 210 1$aSingapore :$cSpringer Nature Singapore :$cImprint: Springer,$d2022. 215 $a1 online resource (287 pages) 311 08$aPrint version: Shariff, Nur Nafhatun Selected Proceedings from the 1st International Conference on Contemporary Islamic Studies (ICIS 2021) Singapore : Springer,c2022 9789811923890 327 $a1. A Study on Halal Certification Procedure: Progressive Transition Towards Halal Pharmaceutical Products in Malaysia and Indonesia -- 2. Customers? Att?tude, Knowledge, and Awareness Towards the Importance of Halal and Non-Halal Product Segregat?on at The Reta?l Shop in Shah Alam -- 3. Halal Brand?ng Issues in Food Industry based on Brand Elements -- 4. Religiosity strengthens the relationship between brand recognition and buying intention toward halal personal care and cosmetic products -- 5. The Application of Al-Wara? (Abstinence) In the Halal Supply Management: A Spiritual Approach -- 6. An Analysis on Prayer Room Design in Shopping Complexes: Significance and Function of Ablution Area. 330 $aThis book collates selective outputs from the 1st International Conference on Contemporary Islamic Studies, focusing on interdisciplinary research that is relevant and timely. One of the most vital areas for national development in Malaysia, and other parts of the Muslim world, is the field of Islamic studies. With a selection of regional and international contributions, the volume covers several topics, including Zakat, Wakaf, Islamic philanthropy, Islamic Turath, Islamic astronomy, Islamic texts - both ancient and modern - Halal, the Muslim family, fiqh, and Islamic finance. Cutting across both academia and religious practice, the book seeks to demarcate various aspects within Islamic law and culture, in the context of the IR 4.0 era. It is relevant to students and researchers working within the interdisciplinary landscape of Islamic studies, from Asia to beyond. 606 $aIslam$xStudy and teaching 606 $aIslam$xDoctrines 606 $aQur?an$xStudy and teaching 606 $aIslam and the social sciences 606 $aIslamic sociology 606 $aIslam$xHistory 606 $aIslam and culture 606 $aIslamic Studies 606 $aIslamic Theology 606 $aQur'anic Studies 606 $aSocial Scientific Studies of Islam 606 $aIslamic History 606 $aIslamic Cultural Studies 615 0$aIslam$xStudy and teaching. 615 0$aIslam$xDoctrines. 615 0$aQur?an$xStudy and teaching. 615 0$aIslam and the social sciences. 615 0$aIslamic sociology. 615 0$aIslam$xHistory. 615 0$aIslam and culture. 615 14$aIslamic Studies. 615 24$aIslamic Theology. 615 24$aQur'anic Studies. 615 24$aSocial Scientific Studies of Islam. 615 24$aIslamic History. 615 24$aIslamic Cultural Studies. 676 $a297.07 702 $aMd Shariff$b Nur Nafhatun 801 0$bMiAaPQ 801 1$bMiAaPQ 801 2$bMiAaPQ 906 $aBOOK 912 $a9910590057303321 996 $aSelected Proceedings from the 1st International Conference on Contemporary Islamic Studies (ICIS 2021)$92908847 997 $aUNINA